| 000 | 01088nam a2200361Ia 4500 | ||
|---|---|---|---|
| 001 | Z_18 | ||
| 003 | CHAP | ||
| 008 | 220113s1986 xx 000 0 und d | ||
| 010 | _a162984 | ||
| 020 | _a950-02-3038-0 | ||
| 040 | _cCHAP | ||
| 082 | _a636.291 H45 | ||
| 100 |
_aHelman, Mauricio B. _953464 |
||
| 245 |
_aCebutecnia / _cMauricio B. Helman; diseño de la tapa Federico Helman |
||
| 250 | _a2a ed. | ||
| 260 |
_aArgentina : _bEl Ateneo, _c1986 |
||
| 300 | _aXXXIII, 549 p. | ||
| 503 | _aej.1: 146346 \ ej.2: 168203 | ||
| 504 | _aBibibliografía: p. 535 - 536, incluye índice | ||
| 650 |
_aGanada vacuno _x _x Anatomía y fisiología _9137202 |
||
| 650 |
_aGanadao vacuno _x _x Reproducción _9137203 |
||
| 650 | 7 |
_aGanado cebú _2 _945056 |
|
| 650 |
_aGanado vacuno _x _x Alojamiento _9137204 |
||
| 650 |
_aGanado vacuno _x _x Producción _9137205 |
||
| 650 |
_aGanado vacuno _x _x Razas _9137206 |
||
| 700 |
_aHelman, Federico, diseño de la tapa _9137207 |
||
| 901 | _a636.291 H45 | ||
| 902 | _aM | ||
| 910 | _a1986 | ||
| 942 | _c1 | ||
| 942 | _cc1 | ||
| 999 |
_c162984 _d162984 |
||